Daniel Defoe's Robinson Crusoe : I go to sea / ... Read More
Available copies
- 1 of 1 copy available at LARL/NWRL Consortium.
Current holds
0 current holds with 1 total copy.
Show Only Available Copies
| Location | Call Number / Copy Notes | Barcode | Shelving Location | Status | Due Date |
|---|---|---|---|---|---|
| Greenbush Public Library | e LON (Text) | 35500004643456 | Main | Available | - |
Record details
- ISBN: 9781602701212
- Physical Description: 32 p. : col. ill. ; 22 cm.
- Publisher: Edina, Minn. : Magic Wagon, 2008.
Search for related items by subject
| Subject: | Adventure and adventurers > Fiction. |
Search for related items by series
| LDR | 00951cam a2200265 a 4500 | ||
|---|---|---|---|
| 001 | 114306 | ||
| 003 | LARL_NWRL_CONSORTIUM | ||
| 005 | 20090828071039.0 | ||
| 008 | 071025s2008 mnua b 000 1 eng | ||
| 020 | . | ‡a9781602701212 | |
| 042 | . | ‡alcac | |
| 082 | 0 | 0. | ‡a[E] ‡222 |
| 100 | 1 | . | ‡aLong, Christopher E. ‡0(LARL_NWRL_CONSORTIUM)197597 |
| 245 | 1 | 0. | ‡aDaniel Defoe's Robinson Crusoe : ‡bI go to sea / ‡cadapted by Christopher E. Long ; illustrated by Andy Kuhn. |
| 246 | 3 | 0. | ‡aRobinson Crusoe |
| 246 | 3 | 0. | ‡aI go to sea |
| 260 | . | ‡aEdina, Minn. : ‡bMagic Wagon, ‡c2008. | |
| 300 | . | ‡a32 p. : ‡bcol. ill. ; ‡c22 cm. | |
| 490 | 0 | . | ‡aShort tales classics |
| 650 | 1. | ‡aAdventure and adventurers ‡vFiction. ‡0(LARL_NWRL_CONSORTIUM)175858 | |
| 700 | 1 | . | ‡aKuhn, Andy. ‡0(LARL_NWRL_CONSORTIUM)201731 |
| 700 | 1 | . | ‡aDefoe, Daniel, ‡d1661?-1731. ‡tRobinson Crusoe. ‡0(LARL_NWRL_CONSORTIUM)68230 |
| 901 | . | ‡a114306 ‡bISxN ‡c114306 ‡tbiblio | |

Add to basket
Permalink
Disable Highlighting